000 00656nam a2200289Ia 4500
005 20260324142037.0
008 008 260324s9999 xx 000 0 eng d
020 _a9780429501531
037 _aEBOOK
040 _aCRL
040 _beng
040 _cCRL
041 _2eng
041 _aeng
084 _qCRL
100 _aJohn Arthur
245 0 _aColor - Class - Identity
245 4 _bThe New Politics Of Race
260 _bTaylor and Francis
260 _c1996
365 _a
365 _b230
856 _uhttp://www.taylorfrancis.com/books/9780429501531
942 _cEBOOK
999 _c1814216
_d1814216